Exercices De Grammaire, (Record no. 6486)

MARC details
005 - DATE AND TIME OF LATEST TRANSACTION
control field 20250701074108.0
020 ## - INTERNATIONAL STANDARD BOOK NUMBER
International Standard Book Number 978-2-01-155438-3
082 ## - DEWEY DECIMAL CLASSIFICATION NUMBER
Classification number 445 LES.
111 ## - MAIN ENTRY--MEETING NAME
Meeting name or jurisdiction name as entry element LES 500.
245 ## - TITLE STATEMENT
Title Exercices De Grammaire,
260 ## - PUBLICATION, DISTRIBUTION, ETC.
Place of publication, distribution, etc. Paris,
Name of publisher, distributor, etc. Hachette,
Date of publication, distribution, etc. 2007.
300 ## - PHYSICAL DESCRIPTION
Extent 256p.; Ill.; picture,
Other physical details Index,
Dimensions 25cm.
942 ## - ADDED ENTRY ELEMENTS (KOHA)
Source of classification or shelving scheme Dewey Decimal Classification
Koha item type Books
Holdings
Date last seen Total checkouts Full call number Barcode Cost, replacement price Price effective from Koha item type Lost status Source of classification or shelving scheme Damaged status Not for loan Withdrawn status Home library Current library Shelving location Date acquired Cost, normal purchase price
07/01/2025   445 LES DOM0004588 150000.00 07/01/2025 Books   Dewey Decimal Classification       CBE Dodoma CBE Dodoma General Collection 07/01/2009 50000.00